MARC

LEADER 00000nam0a2200000 4500
001 259141
005 20231101233347.0
010 |a 5274001289 
035 |a (RuTPU)RU\TPU\book\282056 
090 |a 259141 
100 |a 20140506d1988 k y0rusy50 ca 
101 0 |a rus 
102 |a RU 
105 |a a z 001zy 
200 1 |a Монтаж систем промышленной вентиляции  |f Ю. С. Краснов 
205 |a 2-е изд., перераб. и доп. 
210 |a Москва  |c Стройиздат  |d 1988 
215 |a 287 с.  |c ил. 
225 1 |a Повышение мастерства рабочих строительства и промышленности строительных материалов 
320 |a Библиогр.: с. 285. 
606 1 |a Вентиляция промышленная  |x Монтаж  |2 stltpush  |3 (RuTPU)RU\TPU\subj\2236  |9 30828 
610 1 |a кондиционирование воздуха 
610 1 |a вентиляционные системы 
610 1 |a оборудование 
610 1 |a воздуховоды 
610 1 |a такелажные работы 
610 1 |a монтажные работы 
610 1 |a автоматизированные системы управления 
610 1 |a техника безопасности 
675 |a 697.912  |v 3 
700 1 |a Краснов  |b Ю. С.  |g Юрий Степанович 
801 1 |a RU  |b 63413507  |c 20140506 
801 2 |a RU  |b 63413507  |c 20150115  |g RCR 
942 |c BK